000
00322cam a2200145 4500
001
L135664
002
11610
008
061123n2006 000 0 eng u
020
_a
1903202579
035
_a
(Sirsi) u135664
245
_a
Engineers Fees 2007
260
_a
The Fees Bureau
_c
2006
350
_a
195.00
942
_n
0
999
_c
106135
_d
106135